Countries That Mine The Most Gold - Statistics

General Stats
  • This quiz has been taken 41 times
  • The average score is 7 of 10
Answer Stats
Tonnes Answer % Correct
380 Tonnes China
98%
160 Tonnes USA
98%
290 Tonnes Australia
85%
100 Tonnes South Africa
85%
310 Tonnes Russia
83%
200 Tonnes Canada
78%
130 Tonnes Mexico
73%
130 Tonnes Kazakhstan
55%
130 Tonnes Ghana
30%
120 Tonnes Uzbekistan
28%
No matching quizzes found
Score Distribution
Percent of People with Each Score
Percentile by Number Answered
Your Score History
You have not taken this quiz